[Event "BIG ChEsS GaMe"]
[Site "http://www.queenalice.com/game.php?id=16942"]
[Date "2005.6.22"]
[Round "-"]
[White "EmiChess"]
[Black "Pancho"]
[Result "1-0"]
[WhiteElo "1500"]
[BlackElo "1500"]

1. e4 e5 2. Nf3 d6 3. d4 exd4 4. Nxd4 d5 5. exd5 Qxd5 6. Nc3 Qd8 7. Bb5+ c6 8.
Bc4 Nf6 9. O-O Be7 10. Re1 O-O 11. Bg5 c5 12. Ndb5 Qxd1 13. Nxd1 Bd8 14. Bxf6
gxf6 15. Bd5 Nc6 16. Bxc6 bxc6 17. Nd6 Be6 18. Ne3 Bc7 19. Nef5 Bxf5 20. Nxf5
Be5 21. Ne7+ Kh8 22. Rab1 Rab8 23. Nxc6 Rxb2 24. Nxe5 Rxb1 25. Nxf7+ Kg7 26.
Rxb1 Rxf7 27. Kf1 Re7 28. Rb5 c4 29. Rc5 Re4 30. Rc7+ Kg6 31. Rxa7 c3 32. Ra3
1-0

[Event "Challenge"]
[Site "http://www.queenalice.com/game.php?id=16965"]
[Date "2005.6.22"]
[Round "-"]
[White "arqueduke"]
[Black "Pancho"]
[Result "0-1"]
[WhiteElo "1286"]
[BlackElo "1486"]

1. e4 e5 2. Bc4 Bc5 3. g3 Qf6 4. Nf3 a6 5. Nc3 Ne7 6. d3 h6 7. Nd5 Nxd5 8. a3 g5
9. h4 g4 10. exd5 gxf3 11. b4 Bd4 12. Rb1 Bc3+ 13. Bd2 Bxd2+ 14. Qxd2 d6 15. d4
exd4 16. O-O Nd7 17. Rfe1+ Kd8 18. Rb3 Ne5 19. Qxd4 Qf5 20. Rbe3 f6 21. Bd3 Qg4
22. Qxg4 Nxg4 23. Rxf3 Ne5 24. Ree3 Nxf3+ 25. Rxf3 Ke7 26. Re3+ Kf7 27. c3 Bd7
28. c4 Bg4 29. Bc2 Rae8 30. Ba4 Rxe3 31. fxe3 Rg8 32. c5 dxc5 33. bxc5 Bf3 34.
Bb3 Kg7 35. d6 Rc8 36. Kf2 Bc6 37. Bc2 cxd6 38. cxd6 Rd8 39. Bf5 Rxd6 40. h5 b5
41. g4 Rd1 42. Ke2 Ra1 43. e4 Rxa3 44. g5 fxg5 45. e5 a5 46. e6 Kf8 0-1

[Event "Challenge"]
[Site "http://www.queenalice.com/game.php?id=17081"]
[Date "2005.6.22"]
[Round "-"]
[White "rafaelfaria"]
[Black "Pancho"]
[Result "0-1"]
[WhiteElo "1100"]
[BlackElo "1500"]

1. e4 e5 2. Nf3 d6 3. Bc4 Nf6 4. Nc3 Bg4 5. b3 a6 6. h3 Bxf3 7. Qxf3 b5 8. Bd5
Nxd5 9. exd5 Nd7 10. O-O Qf6 11. d3 Qxf3 12. gxf3 Be7 13. Be3 f5 14. f4 O-O 15.
a4 b4 16. Na2 a5 17. c4 Bf6 18. Rfd1 exf4 19. Bxf4 Bxa1 20. Rxa1 Ne5 21. Nc1
Rfe8 22. d4 Nf3+ 23. Kg2 Nxd4 24. Be3 Nc2 25. Ra2 Nxe3+ 26. fxe3 Rxe3 27. Kf2
Rxh3 28. Kg2 Re3 29. Kf2 Rae8 30. Rd2 f4 31. Kg2 Re1 32. Rf2 Rxc1 33. Rxf4 Rc3
34. c5 Rxc5 35. Rf5 Rc3 36. Rh5 Re2+ 37. Kf1 Rb2 38. Re5 Rc1+ 39. Re1 Rxe1+ 40.
Kxe1 Rxb3 41. Ke2 Ra3 42. Kf2 b3 43. Ke3 b2+ 44. Kd4 b1=Q 45. Kc4 Qb4# 0-1

[Event "Let's Play Chess!"]
[Site "http://www.queenalice.com/game.php?id=17611"]
[Date "2005.6.27"]
[Round "-"]
[White "Pancho"]
[Black "moepp"]
[Result "0-1"]
[WhiteElo "1496"]
[BlackElo "1603"]

1. e4 d5 2. exd5 Qxd5 3. Nf3 Nf6 4. Bd3 e5 5. Nc3 Qa5 6. Bb5+ c6 7. Bc4 Bb4 8.
a3 Bg4 9. h3 Bh5 10. Be2 Nbd7 11. Ng5 Bg6 12. b3 Bxc3 13. dxc3 Qxc3+ 14. Bd2
Qxc2 15. Qxc2 Bxc2 16. Bc4 Bg6 17. O-O b5 18. Be2 e4 19. f3 Nc5 20. fxe4 Nxb3
21. Rad1 Nxd2 22. Rxd2 Nxe4 23. Nxe4 Bxe4 24. Bf3 Bxf3 25. Re1+ Kf8 26. gxf3 h5
27. Rc1 Rh6 28. Rdc2 Rc8 29. Kg2 h4 0-1

[Event "Desafio do Pancho"]
[Site "http://www.queenalice.com/game.php?id=17770"]
[Date "2005.6.29"]
[Round "-"]
[White "Pancho"]
[Black "victorhg"]
[Result "1-0"]
[WhiteElo "1420"]
[BlackElo "1473"]

1. e4 e5 2. Nf3 d6 3. Bc4 c6 4. d4 d5 5. exd5 cxd5 6. Bb5+ Bd7 7. Bxd7+ Qxd7 8.
Nxe5 Qc7 9. Qe2 Be7 10. Bg5 Bxg5 11. Ng6+ Ne7 12. Nxh8 Nd7 13. Qf3 O-O-O 14.
Nxf7 Bf6 15. Nxd8 Kxd8 16. Nc3 Nb6 17. O-O Bxd4 18. Qh3 g5 19. Qxh7 g4 20. g3
Nc4 21. Ne2 Bxb2 22. Rad1 Qe5 23. Rfe1 b5 24. Nf4 Qf6 25. Nxd5 Qd6 26. Qxe7+ Kc8
27. Qxd6 Nxd6 28. Re7 Nf5 29. Rh7 a5 30. Ne7+ Nxe7 31. Rxe7 Bf6 32. Rh7 a4 33.
Rdd7 a3 34. Rdf7 Bg5 35. Rf8+ Bd8 36. Rxd8+ Kxd8 37. Kg2 Ke8 38. Rg7 Kf8 39.
Rxg4 Kf7 40. h4 Kf6 41. h5 Kf5 42. f3 Ke5 43. h6 Kd5 44. c3 Kc5 45. h7 1-0

[Event "Opa.. Vamos Jogar!"]
[Site "http://www.queenalice.com/game.php?id=18500"]
[Date "2005.7.6"]
[Round "-"]
[White "Pancho"]
[Black "refutor"]
[Result "1/2-1/2"]
[WhiteElo "1477"]
[BlackElo "1560"]

1. Nf3 Nf6 2. b3 g6 3. Bb2 Bg7 4. e4 d6 5. Bc4 O-O 6. Bxf6 Bxf6 7. d4 Bg4 8. c3
Nc6 9. h3 Bxf3 10. Qxf3 e5 11. Bd5 exd4 12. Bxc6 bxc6 13. cxd4 Bxd4 14. Nc3 Qf6
15. Qxf6 Bxf6 16. Rc1 Rfe8 17. O-O Bxc3 18. Rxc3 Rxe4 19. Rxc6 Re2 20. Ra1 Rae8
21. Kf1 Rb2 22. Re1 Rxe1+ 23. Kxe1 Rxa2 24. Rxc7 Ra6 25. Rd7 Kf8 26. g3 Ke8 27.
Rc7 d5 28. Rc8+ Kd7 29. Rc5 Kd6 30. b4 Rb6 31. Ra5 Rxb4 32. Rxa7 Re4+ 33. Kd2
Ke6 34. Rc7 h6 35. Kd3 f5 36. Rc6+ Kf7 37. Rd6 h5 38. h4 f4 39. Rxd5 Re1 40. Kd2
Re4 41. Rd3 fxg3 1/2-1/2

[Event "Let's Play Chess!"]
[Site "http://www.queenalice.com/game.php?id=19252"]
[Date "2005.7.13"]
[Round "-"]
[White "marison"]
[Black "Pancho"]
[Result "0-1"]
[WhiteElo "1485"]
[BlackElo "1522"]

1. e4 e5 2. Nf3 d6 3. d4 exd4 4. Qxd4 Bd7 5. Bc4 Nc6 6. Qd5 Be6 7. Qb5 Bxc4 8.
Qxc4 Be7 9. O-O a6 10. Nc3 Bf6 11. Re1 Ne5 12. Nxe5 Bxe5 13. Nd5 c6 14. Nf4 Nf6
15. h3 O-O 16. c3 Qb6 17. b4 Qb5 18. Qd3 Qxd3 19. Nxd3 Bxc3 20. Bb2 Bxe1 21.
Rxe1 Nd7 22. Re3 f6 23. Rg3 c5 24. bxc5 Nxc5 25. Nxc5 dxc5 26. e5 fxe5 27. Bxe5
Rf7 28. Rb3 b5 29. Rg3 Re8 30. Bd6 c4 31. f3 Rf6 32. Bc5 c3 33. f4 Rxf4 34. Rxc3
Rc4 35. Rxc4 bxc4 36. Bb4 Rc8 37. Kf2 c3 38. Ba3 c2 39. Bc1 Rd8 40. Ke2 Rd1 41.
Bd2 c1=Q 42. Bxc1 Rxc1 43. Kd2 Rg1 44. Kc3 Rxg2 45. a4 Rh2 46. Kb4 Rxh3 47. Ka5
Rh6 48. Kb4 g5 0-1

[Event "Let's Play Chess!"]
[Site "http://www.queenalice.com/game.php?id=19667"]
[Date "2005.7.15"]
[Round "-"]
[White "Pancho"]
[Black "hardcore"]
[Result "1-0"]
[WhiteElo "1610"]
[BlackElo "1539"]

1. e4 Nc6 2. Nf3 e5 3. b3 Bd6 4. Bb2 Nf6 5. Bd3 h6 6. Nc3 a6 7. Qe2 O-O 8. h3
Nd4 9. Nxd4 exd4 10. Nd1 Be5 11. O-O c6 12. f4 Bc7 13. Bxd4 Bb6 14. Be3 Bxe3+
15. Qxe3 Ne8 16. e5 b5 17. Qe4 g6 18. f5 Qg5 19. fxg6 d5 20. gxf7+ Rxf7 21. Qg6+
Qxg6 22. Bxg6 Re7 23. Bxe8 Rxe8 24. d4 Ra7 25. Rf6 Re6 26. Rxe6 Bxe6 27. Ne3 Rg7
28. Rf1 Bxh3 29. Rf6 Rg3 30. Kf2 Kg7 31. Rxc6 Rg6 32. Rxg6+ Kxg6 33. gxh3 1-0

[Event "Let's Play Chess!"]
[Site "http://www.queenalice.com/game.php?id=20841"]
[Date "2005.7.22"]
[Round "-"]
[White "Pancho"]
[Black "Mieke"]
[Result "0-1"]
[WhiteElo "1553"]
[BlackElo "2166"]

1. e4 e5 2. Nf3 Nc6 3. Bb5 a6 4. Bxc6 dxc6 5. a3 Nf6 6. Nc3 Bg4 7. d3 h6 8. h3
Bh5 9. Ne2 Bxf3 10. gxf3 Bd6 11. d4 O-O 12. Be3 Nh7 13. f4 exf4 14. Nxf4 Bxf4
15. Bxf4 Qh4 16. Bxc7 Qxe4+ 17. Kd2 Qxd4+ 18. Kc1 Qxf2 19. Rh2 Qe3+ 20. Qd2 Rfe8
21. Qxe3 Rxe3 22. Kd2 Rae8 23. Rd1 Ng5 24. Kc1 Rxh3 25. Rxh3 Nxh3 26. Kb1 f5 27.
Rd3 Ng5 28. c4 Kf7 29. Rd7+ Re7 0-1

[Event "Let's Play Chess!"]
[Site "http://www.queenalice.com/game.php?id=21745"]
[Date "2005.7.28"]
[Round "-"]
[White "Pancho"]
[Black "MacDonnell"]
[Result "0-1"]
[WhiteElo "1553"]
[BlackElo "1766"]

1. e4 e6 2. b3 Nc6 3. Nf3 Nf6 4. e5 Ne4 5. d3 Bb4+ 6. Bd2 Nxd2 7. Nbxd2 Bc3 8.
Rb1 Nxe5 9. Nxe5 Bxe5 10. Qg4 O-O 11. d4 f5 12. Qf3 Bxd4 13. Bd3 Qg5 14. Nc4
Bc3+ 15. Kf1 d5 16. Ne3 b6 17. g3 Rb8 18. h4 Qe7 19. a4 Bb7 20. Qe2 d4 21. Ng2
Rf6 22. Nf4 Bxh1 0-1

[Event "Let's Play Chess!"]
[Site "http://www.queenalice.com/game.php?id=22554"]
[Date "2005.8.3"]
[Round "-"]
[White "Boeing"]
[Black "Pancho"]
[Result "0-1"]
[WhiteElo "1760"]
[BlackElo "1576"]

1. e4 e5 2. Qh5 d6 3. Bc4 Qf6 4. d3 Be6 5. Nc3 Bxc4 6. dxc4 Qe6 7. Nd5 Qd7 8.
Nf3 g6 9. Qh3 c6 10. Nb4 Qxh3 11. gxh3 Nf6 12. Nd2 d5 13. Nd3 Nbd7 14. cxd5 cxd5
15. exd5 Nxd5 16. O-O Bh6 17. Nc4 Bxc1 18. Raxc1 f6 19. Nd6+ Ke7 20. Nxb7 Rab8
21. Na5 Rhc8 22. c4 Nb4 23. Nxb4 Rxb4 24. Nb3 Rcxc4 25. Rxc4 Rxc4 26. Rc1 Rxc1+
27. Nxc1 Nc5 28. b4 Na4 29. Nb3 Kd6 30. Kf1 Kc6 31. Ke2 Kb5 32. a3 Nc3+ 33. Kd3
Nb1 34. Kc2 Nxa3+ 35. Kb2 Kxb4 36. Nc1 e4 37. h4 h5 38. Ne2 Nc4+ 39. Kc2 e3 40.
f3 Ne5 41. f4 Nf3 42. Kd3 Kc5 43. Kxe3 Nxh4 44. Kd3 a5 45. Kc3 g5 46. Kb3 Nf3
47. fxg5 fxg5 48. Ka4 Nxh2 49. Kxa5 h4 50. Ng1 g4 51. Ka4 Nf3 52. Ne2 g3 53. Kb3
g2 0-1

[Event "Let's Play Chess!"]
[Site "http://www.queenalice.com/game.php?id=22809"]
[Date "2005.8.5"]
[Round "-"]
[White "wandi"]
[Black "Pancho"]
[Result "0-1"]
[WhiteElo "1361"]
[BlackElo "1563"]

1. e4 e5 2. Nf3 d6 3. Nc3 Bg4 4. Bc4 a6 5. O-O Nf6 6. d3 h6 7. b3 b5 8. h3 Bxf3
9. Qxf3 bxc4 10. dxc4 Nc6 11. g4 Nd4 12. Qf5 Nxf5 13. gxf5 c6 14. Be3 c5 15. a4
Nh5 16. Rab1 Be7 17. b4 Bg5 18. f4 Bxf4 19. Kf2 Bxe3+ 20. Kxe3 Rb8 21. Rfd1 cxb4
22. Nd5 a5 23. Kd3 Nf6 24. Rg1 Nxd5 25. exd5 g5 26. f6 Qxf6 27. Rbf1 Qg6+ 28.
Kd2 Rc8 29. h4 Rxc4 30. Ke3 Rxh4 31. c4 Rxc4 32. Rc1 Rxc1 33. Rxc1 O-O 34. Rc6
b3 35. Rb6 Qc2 0-1

[Event "Let's Play Chess!"]
[Site "http://www.queenalice.com/game.php?id=23532"]
[Date "2005.8.10"]
[Round "-"]
[White "Pancho"]
[Black "zechariahsl"]
[Result "0-1"]
[WhiteElo "1628"]
[BlackElo "1539"]

1. e4 c5 2. Nf3 e6 3. d4 cxd4 4. Nxd4 Bc5 5. a3 Qb6 6. c3 e5 7. Nf5 Bxf2+ 8. Kd2
g6 9. Ng3 Bxg3 10. hxg3 Qd6+ 11. Kc2 Qxd1+ 12. Kxd1 Nf6 13. Nd2 d6 14. Bb5+ Nc6
15. b4 Bd7 16. Nf1 Nxe4 17. Rh4 Nxc3+ 0-1

[Event "AUTO-ADV-71"]
[Site "http://www.queenalice.com/game.php?id=24445"]
[Date "2005.8.17"]
[Round "1"]
[White "kirksadler"]
[Black "Pancho"]
[Result "1-0"]
[WhiteElo "1527"]
[BlackElo "1674"]

1. e4 e5 2. Nf3 d6 3. d4 exd4 4. Nxd4 Nf6 5. Nc3 a6 6. Be2 c5 7. Nf3 Qe7 8. Bg5
Be6 9. O-O h6 10. Bh4 b5 11. Bxf6 Qxf6 12. Nd5 Qxb2 13. Nc7+ 1-0

[Event "AUTO-ADV-71"]
[Site "http://www.queenalice.com/game.php?id=24446"]
[Date "2005.8.17"]
[Round "1"]
[White "Pancho"]
[Black "kirksadler"]
[Result "0-1"]
[WhiteElo "1674"]
[BlackElo "1595"]

1. e4 e5 2. Nf3 Nc6 3. Bb5 a6 4. Bxc6 dxc6 5. d3 Bd6 6. Bd2 Nf6 7. h3 O-O 8. a3
Be6 9. c4 b6 10. Ng5 h6 11. Nxe6 fxe6 12. O-O b5 13. Nc3 Qe7 14. Na2 a5 15. b4
axb4 16. Bxb4 c5 17. Bc3 Rxa3 18. cxb5 Rfa8 19. Qc2 Qd7 20. Rfb1 Rb8 21. Rb3
Rxb3 22. Qxb3 Rxb5 23. Qa4 Rb1+ 0-1

[Event "AUTO-ADV-71"]
[Site "http://www.queenalice.com/game.php?id=24461"]
[Date "2005.8.17"]
[Round "1"]
[White "big2003"]
[Black "Pancho"]
[Result "1/2-1/2"]
[WhiteElo "1491"]
[BlackElo "1615"]

1. c4 e5 2. Nc3 Nf6 3. e4 Bb4 4. d3 Bxc3+ 5. bxc3 d6 6. Bg5 h6 7. Bh4 b6 8. Nf3
Bg4 9. Be2 Nbd7 10. O-O O-O 11. h3 Bxf3 12. Bxf3 Qe8 13. Bg4 Nxg4 14. Qxg4 Qe6
15. Qxe6 fxe6 16. a4 a5 17. Bg3 Nf6 18. f3 Nh5 19. Bh2 c6 20. d4 exd4 21. cxd4
d5 22. exd5 exd5 23. cxd5 cxd5 24. Rab1 Nf4 25. Rxb6 Ne2+ 26. Kh1 Nxd4 27. Rd1
Ne2 28. Rxd5 Rac8 29. Rd1 Rc1 30. Rxc1 Nxc1 31. Rb5 Ra8 32. Rb8+ Rxb8 33. Bxb8
Nd3 34. Bc7 Nc5 35. Bxa5 Nxa4 36. g4 Kf7 37. Kg2 Nc5 38. h4 Ne6 39. Bd2 Kf6 40.
Kg3 g5 41. hxg5+ hxg5 1/2-1/2

[Event "AUTO-ADV-71"]
[Site "http://www.queenalice.com/game.php?id=24462"]
[Date "2005.8.17"]
[Round "1"]
[White "Pancho"]
[Black "big2003"]
[Result "1-0"]
[WhiteElo "1603"]
[BlackElo "1461"]

1. e4 e5 2. Nf3 Nc6 3. Bb5 d6 4. Bxc6+ bxc6 5. h3 Nf6 6. d3 Be7 7. O-O O-O 8.
Bg5 h6 9. Bxf6 Bxf6 10. Nc3 Ba6 11. a4 Rb8 12. Rb1 Rb7 13. Na2 Qb8 14. b4 Be7
15. c4 f5 16. b5 cxb5 17. axb5 Bxb5 18. cxb5 Rxb5 19. Rxb5 Qxb5 20. exf5 Rxf5
21. d4 e4 22. Nc3 Qa5 23. Nxe4 Rf8 24. Qa1 Qd5 25. Re1 a5 26. Nc3 Qc6 27. Rxe7
1-0

[Event "AUTO-ADV-71"]
[Site "http://www.queenalice.com/game.php?id=24473"]
[Date "2005.8.17"]
[Round "1"]
[White "Pancho"]
[Black "adilson_camargo"]
[Result "1-0"]
[WhiteElo "1623"]
[BlackElo "1612"]

1. e4 e5 2. Nf3 d6 3. Bc4 Nf6 4. Ng5 d5 5. exd5 Nxd5 6. Bxd5 Qxd5 7. Qf3 Qxf3 8.
Nxf3 Bd6 9. d3 O-O 10. O-O Bg4 11. Nfd2 Nc6 12. Ne4 Nd4 13. Nbc3 Nxc2 14. Rb1
Nb4 15. h3 Bf5 16. Rd1 Bxe4 17. dxe4 Rad8 18. Bg5 Rd7 19. a3 Nc6 20. Nb5 Be7 21.
Rxd7 Bxg5 22. Rxc7 Rd8 23. Rxb7 Nd4 24. Nxd4 exd4 25. Rd1 d3 26. Rb5 h6 27. Rd5
Rxd5 28. exd5 d2 29. g3 h5 30. f4 1-0

[Event "AUTO-ADV-71"]
[Site "http://www.queenalice.com/game.php?id=24474"]
[Date "2005.8.17"]
[Round "1"]
[White "adilson_camargo"]
[Black "Pancho"]
[Result "0-1"]
[WhiteElo "1627"]
[BlackElo "1639"]

1. d4 d5 2. c4 e6 3. c5 b6 4. b4 Nc6 5. a3 e5 6. e3 exd4 7. exd4 Qe7+ 8. Qe2
Qxe2+ 9. Nxe2 a5 10. Bb2 axb4 11. axb4 Rxa1 12. Bxa1 Nxb4 13. Na3 Nd3+ 14. Kd2
Nxf2 15. Rg1 Nf6 16. Nc3 bxc5 17. Bb5+ Bd7 18. dxc5 Bxc5 19. Bxd7+ Kxd7 20. Rf1
Bxa3 21. Rxf2 d4 22. Rf4 dxc3+ 23. Bxc3 Bd6 24. Rf3 Ne4+ 25. Kd3 Nxc3 26. Kxc3
f6 27. h4 Ra8 28. Rf1 Ra2 29. g4 Rg2 30. g5 Ke7 31. gxf6+ gxf6 32. h5 Ke6 33.
Kc4 Rh2 34. Re1+ Be5 0-1

[Event "Challenge I"]
[Site "http://www.queenalice.com/game.php?id=26290"]
[Date "2005.8.28"]
[Round "-"]
[White "Adriano_Pereira"]
[Black "Pancho"]
[Result "0-1"]
[WhiteElo "1495"]
[BlackElo "1610"]

1. e4 e5 2. Qh5 d6 3. Bc4 Qe7 4. d3 Nf6 5. Qf3 Be6 6. Bxe6 Qxe6 7. d4 exd4 8.
Ne2 Qxe4 9. Nd2 Qxf3 10. gxf3 Nc6 11. Nb3 d5 12. Nbxd4 Nxd4 13. Nxd4 Bc5 14. Nb3
Bb6 15. Bf4 O-O-O 16. Rd1 Rhe8+ 17. Be3 Bxe3 18. fxe3 Rxe3+ 19. Kf2 Re7 20. Rhg1
g6 21. a4 c6 22. Nc5 Rde8 23. Rg5 Re2+ 24. Kg3 Rxc2 25. b4 Rc3 26. Kf2 Rc4 27.
Nd3 a5 28. bxa5 Rxa4 29. Rb1 Rxa5 30. Rgg1 Nd7 31. Rb2 Nc5 32. Nf4 b5 33. Rc1
Ne6 34. Nd3 Kc7 35. Ne5 Nd8 36. Nd3 f6 37. f4 Re4 38. h3 Rea4 39. Kf3 Ra3 40.
Ke3 Ne6 41. Rf1 Nc5 42. Rd1 Nxd3 43. Rxd3 Rxd3+ 44. Kxd3 Ra3+ 45. Kd4 Rxh3 46.
Kc5 Rc3+ 47. Kb4 Rc4+ 48. Kb3 Rxf4 49. Ka2 h5 50. Rh2 h4 51. Re2 g5 52. Re7+ Kd6
53. Re1 h3 54. Rh1 g4 0-1

[Event "Vamo Nois!!!"]
[Site "http://www.queenalice.com/game.php?id=36642"]
[Date "2005.11.6"]
[Round "-"]
[White "divukman"]
[Black "Pancho"]
[Result "1-0"]
[WhiteElo "1949"]
[BlackElo "1674"]

1. d4 b6 2. c4 e6 3. Nc3 Bb4 4. e4 Bxc3+ 5. bxc3 h6 6. Qg4 g5 7. Bd3 Nf6 8. Qh3
Bb7 9. Bxg5 d6 10. Nf3 Nbd7 11. O-O e5 12. c5 Bc8 13. Bb5 Ke7 14. cxd6+ cxd6 15.
Bh4 Nc5 16. Bxf6+ Kxf6 17. Qh4+ Kg7 18. dxc5 Qxh4 19. Nxh4 dxc5 20. f4 exf4 21.
Rxf4 Rd8 22. Bc4 Rf8 23. Raf1 Be6 24. Nf5+ 1-0